<?xml version="1.0" encoding="UTF-8"?><?xml-stylesheet type="text/xsl" href="static/style.xsl"?><OAI-PMH xmlns="http://www.openarchives.org/OAI/2.0/" xmlns:xsi="http://www.w3.org/2001/XMLSchema-instance" xsi:schemaLocation="http://www.openarchives.org/OAI/2.0/ http://www.openarchives.org/OAI/2.0/OAI-PMH.xsd"><responseDate>2026-06-01T23:50:27Z</responseDate><request verb="GetRecord" identifier="oai:riuma.uma.es:10630/2597" metadataPrefix="marc">https://riuma.uma.es/rest/oai/request</request><GetRecord><record><header><identifier>oai:riuma.uma.es:10630/2597</identifier><datestamp>2026-02-03T12:39:25Z</datestamp><setSpec>com_10630_2254</setSpec><setSpec>col_10630_37957</setSpec></header><metadata><record xmlns="http://www.loc.gov/MARC21/slim" xmlns:dcterms="http://purl.org/dc/terms/" xmlns:doc="http://www.lyncode.com/xoai" xmlns:xsi="http://www.w3.org/2001/XMLSchema-instance" xsi:schemaLocation="http://www.loc.gov/MARC21/slim http://www.loc.gov/standards/marcxml/schema/MARC21slim.xsd">
   <leader>00925njm 22002777a 4500</leader>
   <datafield ind2=" " ind1=" " tag="042">
      <subfield code="a">dc</subfield>
   </datafield>
   <datafield ind2=" " ind1=" " tag="720">
      <subfield code="a">Bijani Chiquero, Shanti</subfield>
      <subfield code="e">author</subfield>
   </datafield>
   <datafield ind2=" " ind1=" " tag="260">
      <subfield code="c">2007</subfield>
   </datafield>
   <datafield ind2=" " ind1=" " tag="520">
      <subfield code="a">El trabajo que se expone en la presente tesis doctoral tiene por objetivo la electrodeposición y posterior caracterización de láminas de Cu2O puro para la obtención de electrodos negativos de baterías de ión-litio de 3 V y capacidades específicas superiores a 300 A·h·kg-1. Esta tesis optimiza electrodos para el diseño de baterías prototipo de ión-litiotipo botón, demostrando que éstas, que son de gran aplicabilidad comercial, pueden ser fabricadas utilizando métodos sencillos y económicos de preparación de películas delgadas. Dos objetivos se persiguen en el desarrollo de este trabajo. El primero consiste en la optimización de los métodos y las condiciones de preparación para conseguir láminas de Cu2O puro con diferentes características estructurales y morfológicas. El segundo objetivo de esta tesis es estudiar la respuesta electroquímica de algunas de estas láminas como electrodos negativos de baterías de ión-litio correlacionando las características estructurales y morfológicas de las mismas con los procesos de ciclabilidad y los valores de capacidad específica obtenidos.</subfield>
   </datafield>
   <datafield ind1="8" ind2=" " tag="024">
      <subfield code="a">9788497475037</subfield>
   </datafield>
   <datafield ind1="8" ind2=" " tag="024">
      <subfield code="a">http://hdl.handle.net/10630/2597</subfield>
   </datafield>
   <datafield tag="653" ind2=" " ind1=" ">
      <subfield code="a">Acumuladores eléctricos - Tesis doctorales</subfield>
   </datafield>
   <datafield tag="653" ind2=" " ind1=" ">
      <subfield code="a">Pilas de litio - Materiales - Tesis doctorales</subfield>
   </datafield>
   <datafield ind2="0" ind1="0" tag="245">
      <subfield code="a">Electrodeposición y caracterización de láminas de Cu2C.Aplicación como&#xd;
electrodos de baterías de ión-litio</subfield>
   </datafield>
</record>
</metadata></record></GetRecord></OAI-PMH>